| 000 | 00387nam a22001577a 4500 | ||
|---|---|---|---|
| 003 | OSt | ||
| 008 | 200704b ||||| |||| 00| 0 eng d | ||
| 020 | _a9788189928346 | ||
| 100 | _aKHANNA, O.P. | ||
| 245 | _aA Text-Book of Foundry Technology | ||
| 250 | _a21th Rep | ||
| 260 |
_aNew Delhi _bDhanpat Rai Publications _c2019 |
||
| 300 | _a833 | ||
| 650 | _aB.Tech(ME) | ||
| 942 |
_2ddc _cBK |
||
| 999 |
_c8695 _d8695 |
||